02146nam a2200481 i 4500001001200000003000800012006001900020007001500039008004100054020001800095020002700113020002500140040003500165035002100200050002900221082001600250245023900266264006300505264001200568300005100580336002100631337002300652338003200675504007900707588010300786590014700889650004001036650002901076650003601105650002501141650002701166655002201193700001701215700002001232700001901252700001701271700002301288700001801311776018001329797001201509856012601521999001701647ebr10825877CaPaEBRm o d cr cn|||||||||140114s2013 enka ob 001 0 eng d z9781783200054 a9781783200870 (e-book) a9781783200887 (ePub) aCaPaEBRbengerdaepncCaPaEBR a(OCoLC)89904610914aPN1590.P64b.M365 2013eb04a791.01422300aManifesto now! :binstructions for performance, philosophy, politics /cedited by Laura Cull and Will Daddario ; Heather Owen, copy editor ; Lin Hixson, cover image ; Stephanie Sarlos, cover designer ; Bethan Ball, production manager. 1aBristol, England ;aChicago, Illinois :bIntellect,c2013. 4c�2013 a1 online resource (245 pages) :billustrations atext2rdacontent acomputer2rdamedia aonline resource2rdacarrier aIncludes bibliographical references at the end of each chapters and index. aDescription based on online resource; title from PDF title page (ebrary, viewed January 14, 2014). aElectronic reproduction. Palo Alto, Calif. : ebrary, 2014. Available via World Wide Web. Access may be limited to ebrary affiliated libraries. 0aPerforming artsxPolitical aspects. 0aPerformancexPhilosophy. 0aPerformancexPolitical aspects. 0aLiterary manifestos. 0aPolitical manifestoes. 0aElectronic books.1 aCull, Laura.1 aDaddario, Will.1 aOwen, Heather.1 aHixson, Lin.1 aSarlos, Stephanie.1 aBall, Bethan.08iPrint version:tManifesto now! : instructions for performance, philosophy, politics.dBristol, England ; Chicago, Illinois : Intellect, c2013 hxiii, 229 pages z97817832000542 aebrary.40uhttp://site.ebrary.com/lib/rucke/Doc?id=10825877zAn electronic book accessible through the World Wide Web; click to view c82841d82841